[Event "chess.com IoM Masters"]
[Site "Douglas ENG"]
[Date "2016.10.04"]
[Round "4.53"]
[White "Gagare, Shalmali"]
[Black "Hill, Alistair"]
[Result "0-1"]
[WhiteTitle "WIM"]
[WhiteElo "1989"]
[BlackElo "2249"]
[WhiteFideId "5038650"]
[BlackFideId "432407"]
[EventDate "2016.10.01"]

1. c4 Nf6 2. Nf3 g6 3. g3 Bg7 4. Bg2 O-O 5. O-O c6 6. Nc3 d5 7. cxd5 Nxd5 8.
Nxd5 cxd5 9. d4 Qb6 10. Ne5 e6 11. Rb1 Nc6 12. Nxc6 bxc6 13. Be3 Qa5 14. Qc2 Ba6
15. b3 Rac8 16. Rfd1 Rfe8 17. Bh3 Bf8 18. Qd2 Bb4 19. Qb2 Ba3 20. Qd2 Qxd2 21.
Rxd2 c5 22. dxc5 Bxc5 23. Bxc5 Rxc5 24. b4 Rc3 25. b5 Bb7 26. a4 Ra3 27. Rd4 Rc8
28. f4 Rc4 29. Rb4 Rxd4 30. Rxd4 Kf8 31. Bf1 Ke7 32. Kf2 Kd6 33. e3 Kc5 34. Be2
Ra2 35. h3 f6 36. Kf1 e5 37. fxe5 fxe5 38. Rh4 h5 39. Bd1 a6 40. g4 axb5 41.
gxh5 gxh5 42. axb5 Kxb5 43. Be2+ Kc5 44. Rxh5 e4 45. Rh7 Ba6 46. Bxa6 Rxa6 47.
Rc7+ Kb4 48. Rc2 Rf6+ 49. Rf2 Rh6 50. Rd2 Kc4 51. Rd4+ Kc5 52. Kg2 Rg6+ 53. Kh2
Rf6 54. Rd2 Rf3 55. Re2 Kc4 56. h4 Kd3 57. Ra2 Kxe3 58. Ra3+ Kf4 59. Rxf3+ Kxf3
60. h5 e3 61. h6 e2 62. h7 e1=Q 63. h8=Q Qg3+ 64. Kh1 Qg2# 0-1

[Event "chess.com IoM Masters"]
[Site "Douglas ENG"]
[Date "2016.10.04"]
[Round "4.54"]
[White "Rakesh, Kumar Jena"]
[Black "Johnson, Paul A"]
[Result "1-0"]
[WhiteTitle "FM"]
[WhiteElo "2247"]
[BlackElo "1893"]
[WhiteFideId "5084822"]
[BlackFideId "415677"]
[EventDate "2016.10.01"]

1. e4 e5 2. Nf3 Nc6 3. Bb5 a6 4. Ba4 Nf6 5. O-O Be7 6. Bxc6 dxc6 7. Qe2 Bg4 8.
h3 Bxf3 9. Qxf3 O-O 10. d3 Qd7 11. Nd2 Rad8 12. Nc4 Qe6 13. Bg5 Nd7 14. Bxe7
Qxe7 15. Qg3 Rfe8 16. Rae1 f6 17. Ne3 Qf7 18. Nf5 Kh8 19. f4 g6 20. Nh6 Qg7 21.
Ng4 f5 22. Nxe5 Nxe5 23. fxe5 Rxe5 24. exf5 Rxe1 25. Rxe1 Qd4+ 26. Kh1 gxf5 27.
Re7 Rc8 28. Rf7 Qxb2 29. Qh4 Qa1+ 30. Kh2 Qe5+ 31. Kg1 Qe3+ 32. Kh1 1-0

[Event "chess.com IoM Masters"]
[Site "Douglas ENG"]
[Date "2016.10.04"]
[Round "4.55"]
[White "Tirziman, Rudolf"]
[Black "Taylor, Adam C"]
[Result "1-0"]
[BlackTitle "FM"]
[WhiteElo "1923"]
[BlackElo "2236"]
[WhiteFideId "2508664"]
[BlackFideId "424668"]
[EventDate "2016.10.01"]

1. e4 c5 2. Nf3 g6 3. d4 cxd4 4. Nxd4 Bg7 5. Nc3 Nc6 6. Nb3 Nf6 7. Be2 a6 8. O-O
b5 9. Be3 O-O 10. f4 b4 11. Nd5 d6 12. Bf3 Nxd5 13. exd5 Na5 14. Bd4 Bxd4+ 15.
Qxd4 Rb8 16. Be4 Nxb3 17. axb3 Qb6 18. Qxb6 Rxb6 19. Bd3 Bb7 20. Bc4 Rc8 21. Ra5
Kg7 22. f5 g5 23. g4 Kf6 24. Kf2 Rh8 25. Kg3 h5 26. h3 h4+ 27. Kf2 Rc8 28. Rfa1
Rc7 29. c3 Bc8 30. Ke3 Ke5 31. Kd3 Bb7 32. Re1+ Kf6 33. Kd4 Bc8 34. Re3 Rb8 35.
Re1 Rb6 36. Rea1 Ra7 37. R5a4 bxc3 38. bxc3 Bb7 39. b4 Ra8 40. Ra5 Kg7 41. Bd3
Kf6 42. b5 e6 43. fxe6 fxe6 44. dxe6 Kxe6 45. bxa6 Bg2 46. Be4 Bxe4 47. Kxe4 Rc6
48. Kd3 d5 49. a7 Rc7 50. Ra6+ Kf7 51. R1a5 Re7 52. Rxd5 Re1 53. Rd7+ Kf8 54.
Rb7 Rd8+ 55. Kc2 Ree8 56. Rf6+ Kg8 57. Rg6+ Kf8 58. Rxg5 Re2+ 59. Kb3 Re1 60.
Rf5+ Kg8 61. Rf2 Ree8 62. g5 Rc8 63. Ra2 Rcd8 64. Ra4 Rc8 65. Rc4 Rcd8 66. Rcb4 1-0

[Event "chess.com IoM Masters"]
[Site "Douglas ENG"]
[Date "2016.10.04"]
[Round "4.56"]
[White "De Rosa, Mariagrazia"]
[Black "Formento, Paolo"]
[Result "1/2-1/2"]
[WhiteTitle "WFM"]
[BlackTitle "FM"]
[WhiteElo "2102"]
[BlackElo "2326"]
[WhiteFideId "815136"]
[BlackFideId "861162"]
[EventDate "2016.10.01"]

1. e4 e6 2. d4 d5 3. e5 c5 4. c3 Qb6 5. Nf3 Bd7 6. a3 Bb5 7. Bxb5+ Qxb5 8. b4
cxd4 9. cxd4 Nd7 10. Nc3 Qa6 11. Be3 Rc8 12. Ne2 Nb6 13. O-O Nc4 14. Ng3 Ne7 15.
Nh5 h6 16. Nh4 g6 17. Nf6+ Kd8 18. a4 Rc7 19. b5 Qa5 20. Qe2 Bg7 21. Nf3 Nc8 22.
Nd2 Qb4 23. Rfb1 Qe7 24. Nxc4 Rxc4 25. Rc1 Nb6 26. a5 Rxc1+ 27. Rxc1 Nc4 28. a6
Bxf6 29. exf6 Qd7 30. Rb1 Qc8 31. axb7 Qxb7 32. Bf4 Kd7 33. Qd3 Qb6 34. h4 h5
35. g3 Qa5 36. Kg2 Rc8 37. g4 Rh8 38. gxh5 Rxh5 39. Bg5 Nd6 40. Qg3 Rh8 41. Qd3
Rb8 42. Bf4 Rc8 43. Bxd6 Kxd6 44. Rb3 Rc7 45. h5 Qe1 46. Qg3+ Kd7 47. Re3 Qd1
48. Rc3 Rxc3 49. Qxc3 Qg4+ 50. Kf1 Qd1+ 51. Kg2 1/2-1/2

[Event "chess.com IoM Masters"]
[Site "Douglas ENG"]
[Date "2016.10.04"]
[Round "4.57"]
[White "Rocabado, Fernando"]
[Black "Hamer, Martyn"]
[Result "1/2-1/2"]
[WhiteElo "2187"]
[BlackElo "2063"]
[WhiteFideId "105341"]
[BlackFideId "413160"]
[EventDate "2016.10.01"]

1. d4 Nf6 2. Nf3 g6 3. c4 Bg7 4. Nc3 O-O 5. e4 d6 6. Be2 e5 7. d5 a5 8. Bg5 h6
9. Bh4 Na6 10. Nd2 Qe8 11. a3 Bd7 12. b3 Nh7 13. O-O h5 14. f3 Bh6 15. Kh1 Nc5
16. b4 Bxd2 17. Qxd2 Nb3 18. Qb2 Nxa1 19. b5 g5 20. Bf2 b6 21. g4 hxg4 22. fxg4
Kg7 23. Qxa1 Rh8 24. Qc1 f6 25. Nd1 Nf8 26. Ne3 Ng6 27. Bg3 Nf4 28. Qd1 Qe7 29.
Bf3 Rh6 30. Rf2 Rah8 31. Rd2 Kg8 32. Kg1 Qh7 33. Qe1 Rh3 34. Nf1 Be8 35. Bh1 Bg6
36. Bf3 1/2-1/2

[Event "chess.com IoM Masters"]
[Site "Douglas ENG"]
[Date "2016.10.04"]
[Round "4.58"]
[White "Tiwari, Ashwani"]
[Black "Leutwyler, Martin"]
[Result "0-1"]
[WhiteTitle "FM"]
[WhiteElo "2090"]
[BlackElo "2168"]
[WhiteFideId "5006961"]
[BlackFideId "1301969"]
[EventDate "2016.10.01"]

1. e4 c6 2. d4 d5 3. e5 Bf5 4. Nd2 e6 5. Nb3 Nd7 6. Nf3 h6 7. Be2 Ne7 8. O-O g5
9. Ne1 Qc7 10. Nd3 Ng6 11. f4 Be7 12. Bg4 Bxd3 13. cxd3 gxf4 14. Bxf4 Nxf4 15.
Rxf4 f5 16. Bxf5 exf5 17. Qh5+ Kd8 18. Rxf5 Kc8 19. Rf7 Qd8 20. Raf1 a5 21. Qf5
Kb8 22. e6 Nb6 23. Qe5+ Ka7 24. Nc5 Re8 25. Qg7 Qd6 26. g3 h5 27. Qh6 h4 28.
Qxh4 Nc8 29. Qh6 b6 30. Nd7 Ka6 31. Ne5 Na7 32. Qg6 Nb5 33. Qg4 Rg8 34. Qf4 Qxe6
35. Nf3 Rgf8 36. Ne5 Rxf7 37. Qxf7 Nxd4 38. Qxe6 Nxe6 39. Nxc6 Bc5+ 40. Kg2 Rc8
41. Ne5 Bd4 42. Nf3 Rc2+ 43. Kh3 Bxb2 44. Re1 Nd4 45. Ng5 Bc1 46. Re5 Bxg5 47.
Rxg5 Rxh2+ 48. Kxh2 Nf3+ 49. Kh3 Nxg5+ 50. Kg4 Nf7 51. Kf5 b5 52. Ke6 b4 53.
Kxd5 Kb5 54. g4 a4 55. Kd4 a3 0-1

[Event "chess.com IoM Masters"]
[Site "Douglas ENG"]
[Date "2016.10.04"]
[Round "4.59"]
[White "Scott, Gordon W"]
[Black "Swati, Mohota"]
[Result "1-0"]
[BlackTitle "WFM"]
[WhiteElo "2168"]
[BlackElo "1948"]
[WhiteFideId "419559"]
[BlackFideId "5006511"]
[EventDate "2016.10.01"]

1. d4 d5 2. c4 c6 3. Nf3 Nf6 4. Nc3 e6 5. Bg5 h6 6. Bh4 dxc4 7. e4 g5 8. Bg3 b5
9. Be2 Bb7 10. h4 g4 11. Ne5 h5 12. O-O Nbd7 13. Qc2 Bg7 14. b3 cxb3 15. axb3
O-O 16. Nd3 b4 17. e5 bxc3 18. exf6 Qxf6 19. Ne5 Nxe5 20. dxe5 Qe7 21. Qxc3 c5
22. Qe3 f5 23. exf6 Qxf6 24. Bc4 Bd5 25. Bxd5 exd5 26. Qxc5 Qf7 27. Ra5 Rfd8 28.
Re1 Bf8 29. Qd4 Bg7 30. Be5 Re8 31. Rxd5 Re7 32. Rd1 Bxe5 33. Rxe5 Rxe5 34. Qxe5
Re8 35. Qg5+ Qg7 36. Qxh5 Rc8 37. Qd5+ Kh8 38. Qd4 Rb8 39. Qxg7+ Kxg7 40. Rd4
Rxb3 41. Rxg4+ Kh6 42. Ra4 Kh5 43. g3 Rb7 44. Kg2 Rf7 45. Ra5+ Kh6 46. g4 Rf4
47. Ra6+ Kg7 48. Rxa7+ Kg6 49. Ra6+ Kg7 50. Kg3 Rb4 51. g5 Rc4 52. f4 Rc3+ 53.
Kg4 Rc5 54. f5 Rc7 55. Kh5 1-0

[Event "chess.com IoM Masters"]
[Site "Douglas ENG"]
[Date "2016.10.04"]
[Round "4.60"]
[White "Bianco, Valerio"]
[Black "McLaren, Brian"]
[Result "1-0"]
[WhiteElo "2074"]
[BlackElo "2149"]
[WhiteFideId "800600"]
[BlackFideId "2604612"]
[EventDate "2016.10.01"]

1. e4 Nf6 2. e5 Nd5 3. d4 d6 4. Nf3 Bg4 5. Be2 c6 6. c4 Nb6 7. exd6 exd6 8. O-O
Be7 9. Qc2 O-O 10. Be3 Re8 11. Nbd2 d5 12. c5 N6d7 13. b4 Nf8 14. b5 Bf6 15.
Rfe1 cxb5 16. Bxb5 Nc6 17. h3 Bh5 18. Qa4 Re6 19. Bd3 Bg6 20. Bxg6 hxg6 21. Rab1
b6 22. Nb3 Qe8 23. Kf1 Nd7 24. Rec1 Rc8 25. Qb5 bxc5 26. Nxc5 Rb8 27. Qa4 Nb6
28. Qc2 Rxe3 29. fxe3 Qxe3 30. Rb3 Nc4 31. Re1 Rxb3 32. axb3 Nxd4 33. Qf2 Qxf2+
34. Kxf2 Nxf3 35. Re8+ Kh7 36. Kxf3 Nd6 37. Rb8 a5 38. Nd7 Bc3 39. Nb6 d4 40.
Ke2 Ne4 41. Na4 Bb4 42. Kd3 f5 43. Kxd4 g5 44. Rb5 g6 45. Kd3 g4 46. hxg4 Nf2+
47. Ke2 Nxg4 48. Nb2 Nf6 49. Nc4 Ne4 50. Kd3 Nc3 51. Rb8 Nd5 52. Ra8 Nf4+ 53.
Ke3 Nxg2+ 54. Kf2 Nf4 55. Nxa5 g5 56. Nc6 Bc5+ 57. Kf3 Bd6 58. Rd8 Bc5 59. b4
Bb6 60. Rd6 Ng6 61. Nd4 Ne5+ 62. Ke2 Nc4 63. Rc6 Bxd4 64. Rxc4 Bg1 65. b5 Kg6
66. b6 Kh5 67. b7 Bh2 68. Rc8 Kg4 69. Kf2 Bg3+ 70. Kg2 Be5 71. b8=Q Bxb8 72.
Rxb8 Kh4 73. Kf3 g4+ 74. Kf4 Kh3 75. Rb3+ Kh4 1-0

[Event "chess.com IoM Masters"]
[Site "Douglas ENG"]
[Date "2016.10.04"]
[Round "4.61"]
[White "Herbold, Manfred"]
[Black "Guo, Emma"]
[Result "1-0"]
[WhiteTitle "CM"]
[BlackTitle "WIM"]
[WhiteElo "2155"]
[BlackElo "2018"]
[WhiteFideId "4682882"]
[BlackFideId "3200795"]
[EventDate "2016.10.01"]

1. g3 d5 2. Bg2 Nf6 3. c4 c6 4. Nf3 g6 5. O-O Bg7 6. d4 dxc4 7. a4 O-O 8. Na3
Nbd7 9. Nxc4 Nb6 10. Nce5 Bf5 11. a5 Nbd5 12. a6 Qb6 13. axb7 Qxb7 14. Ne1 Rfc8
15. N1d3 Bxd3 16. Qxd3 e6 17. Nc4 Qe7 18. e4 Nb6 19. Bg5 h6 20. Bf4 c5 21. Bd6
Qd7 22. Nxb6 axb6 23. Rxa8 Rxa8 24. e5 Nd5 25. dxc5 bxc5 26. Bxd5 exd5 27. Qxd5
Ra5 28. b4 Rb5 29. bxc5 1-0

[Event "chess.com IoM Masters"]
[Site "Douglas ENG"]
[Date "2016.10.04"]
[Round "4.62"]
[White "Ottosen, David"]
[Black "Birkett, Richard"]
[Result "1-0"]
[WhiteElo "2105"]
[BlackElo "1996"]
[WhiteFideId "2603080"]
[BlackFideId "2401819"]
[EventDate "2016.10.01"]

1. e4 e5 2. Nf3 Nc6 3. Bb5 a6 4. Ba4 d6 5. c3 Ne7 6. d4 Bd7 7. Be3 Ng6 8. h4 h5
9. d5 Nb8 10. Bc2 Bg4 11. g3 Nd7 12. Nbd2 Be7 13. Qb1 Nf6 14. Ng5 Bd7 15. f3 c6
16. dxc6 bxc6 17. Bb3 d5 18. Qd3 Qa5 19. O-O-O Rb8 20. exd5 cxd5 21. Nde4 Rxb3
22. Nxf6+ gxf6 23. axb3 fxg5 24. hxg5 Bc6 25. Rhe1 O-O 26. f4 e4 27. Qe2 Bb5 28.
Qxh5 Qa1+ 29. Kc2 Bd3+ 30. Rxd3 exd3+ 31. Kd2 Qxb2+ 32. Kxd3 Qxb3 33. Rh1 Qc4+
34. Kd2 Rb8 35. Bd4 Bf6 36. gxf6 Qa2+ 37. Ke3 Re8+ 38. Be5 1-0

[Event "chess.com IoM Masters"]
[Site "Douglas ENG"]
[Date "2016.10.04"]
[Round "4.63"]
[White "Whitehead, David J"]
[Black "Kotepalli, Sai Nirupama"]
[Result "1/2-1/2"]
[BlackTitle "WFM"]
[WhiteElo "2021"]
[BlackElo "1944"]
[WhiteFideId "406813"]
[BlackFideId "5039444"]
[EventDate "2016.10.01"]

1. e4 c5 2. Nf3 Nc6 3. d4 cxd4 4. Nxd4 Nf6 5. Nc3 e6 6. Ndb5 Bb4 7. a3 Bxc3+ 8.
Nxc3 d5 9. exd5 exd5 10. Bd3 d4 11. Ne2 O-O 12. O-O Qd5 13. Nf4 Qd6 14. Nh5 Nxh5
15. Qxh5 h6 16. Re1 Bd7 17. Qf3 Rfe8 18. Bf4 Qf6 19. Qg3 Be6 20. Be4 Rac8 21. h4
a6 22. Rad1 Bf5 23. Bxc6 Rxe1+ 24. Rxe1 Qxc6 25. Be5 Qg6 26. Qxg6 Bxg6 27. Bxd4
Bxc2 28. Re7 Rc4 29. Bc3 Rxh4 30. Rxb7 Rg4 31. f3 Rg6 32. Rb8+ Kh7 33. Rb7 Kg8
34. Rb8+ 1/2-1/2

[Event "chess.com IoM Masters"]
[Site "Douglas ENG"]
[Date "2016.10.04"]
[Round "4.64"]
[White "Thomson, Neil"]
[Black "Dahl, Baard"]
[Result "0-1"]
[WhiteElo "2002"]
[BlackElo "1921"]
[WhiteFideId "2402246"]
[BlackFideId "444251"]
[EventDate "2016.10.01"]

1. e4 e5 2. Nf3 Nc6 3. Bb5 Nf6 4. Qe2 Bc5 5. d3 O-O 6. c3 Re8 7. Nbd2 a6 8. Ba4
b5 9. Bb3 d5 10. Nf1 a5 11. Bg5 d4 12. Ng3 h6 13. Bd2 a4 14. Bc2 dxc3 15. bxc3
Be6 16. O-O b4 17. Qd1 b3 18. axb3 axb3 19. Rxa8 Bxf2+ 20. Kxf2 bxc2 21. Qxc2
Qxa8 22. h3 Rd8 23. Nf5 Qa6 24. Ne1 Rb8 25. Kg1 Nd7 26. Qd1 Bxf5 27. Rxf5 Qa2
28. Bc1 Rb1 29. Rf2 Qa1 30. Rc2 Nc5 31. d4 Nb3 32. Nd3 exd4 33. cxd4 Ncxd4 34.
Rxc7 Nxc1 35. Rc8+ Kh7 36. Rxc1 Rxc1 37. Nxc1 Qxc1 38. Qxc1 Ne2+ 39. Kf2 Nxc1 0-1

[Event "chess.com IoM Masters"]
[Site "Douglas ENG"]
[Date "2016.10.04"]
[Round "4.65"]
[White "Fathallah, Joe"]
[Black "Strugnell, Carl"]
[Result "0-1"]
[BlackTitle "FM"]
[WhiteElo "1990"]
[BlackElo "2278"]
[WhiteFideId "1801899"]
[BlackFideId "616753"]
[EventDate "2016.10.01"]

1. d4 Nf6 2. c4 e6 3. Nc3 Bb4 4. Qc2 O-O 5. a3 Bxc3+ 6. Qxc3 b6 7. Bg5 Bb7 8. f3
h6 9. Bh4 d6 10. e3 Nbd7 11. Bd3 Re8 12. Ne2 c5 13. Rd1 cxd4 14. Nxd4 Nd5 15.
Bxd8 Nxc3 16. bxc3 Rexd8 17. Nb5 Nf6 18. e4 Kf8 19. Kf2 Ke7 20. Rd2 Bc6 21. Nd4
Rac8 22. Rhd1 Ba4 23. Rb1 Rc5 24. Ke3 d5 25. Rb4 dxe4 26. Rxa4 exd3 27. Rxa7+
Rd7 28. Ra4 Rdc7 29. Kxd3 Nd7 30. f4 e5 31. Nb3 exf4 32. Kd4 Re5 33. Rf2 g5 34.
Kd3 Re3+ 35. Kc2 Ne5 36. Nd4 Kf6 37. h4 Nxc4 38. hxg5+ hxg5 39. Ra6 Ke5 40. Nb5
Rc5 41. a4 f6 42. Ra7 Kf5 43. Rc7 Ree5 44. Rxc5 Rxc5 45. g3 Ne3+ 46. Kd3 Ng4 47.
Rf1 Ne5+ 48. Kd2 f3 49. Nd4+ Kg4 50. Nc2 Kxg3 51. Ne3 Nc4+ 0-1

[Event "chess.com IoM Masters"]
[Site "Douglas ENG"]
[Date "2016.10.05"]
[Round "5.1"]
[White "So, Wesley"]
[Black "Rodshtein, Maxim"]
[Result "1/2-1/2"]
[WhiteTitle "GM"]
[BlackTitle "GM"]
[WhiteElo "2794"]
[BlackElo "2687"]
[WhiteFideId "5202213"]
[BlackFideId "2806851"]
[EventDate "2016.10.01"]

1. d4 d5 2. c4 c6 3. Nf3 Nf6 4. e3 Bg4 5. h3 Bxf3 6. Qxf3 e6 7. Nc3 Nbd7 8. a3
g6 9. Bd2 Bg7 10. cxd5 exd5 11. Bd3 O-O 12. O-O Re8 13. Rfc1 Nf8 14. b4 Ne6 15.
Ra2 a6 16. Qd1 Bf8 17. Na4 Bd6 18. Nc5 Qe7 19. a4 Ng5 20. Be1 Bb8 21. Bf1 Qc7
22. g3 h5 23. h4 Nge4 24. Rb2 Qe7 25. Nxe4 Nxe4 26. b5 axb5 27. axb5 Ra3 28.
bxc6 bxc6 29. Rb3 Rxb3 30. Qxb3 Qe6 31. Bg2 Rc8 32. Qb7 Nd6 33. Qa6 Nc4 34. e4
Rd8 35. Qa4 Bc7 36. exd5 cxd5 37. Bxd5 Qxd5 38. Qxc4 Bb6 39. Qxd5 Rxd5 40. Rc8+
Kh7 41. Bc3 Bxd4 42. Bxd4 Rxd4 1/2-1/2

[Event "chess.com IoM Masters"]
[Site "Douglas ENG"]
[Date "2016.10.05"]
[Round "5.2"]
[White "Eljanov, Pavel"]
[Black "Naiditsch, Arkadij"]
[Result "1-0"]
[WhiteTitle "GM"]
[BlackTitle "GM"]
[WhiteElo "2741"]
[BlackElo "2684"]
[WhiteFideId "14102951"]
[BlackFideId "4650891"]
[EventDate "2016.10.01"]

1. e4 e6 2. d4 d5 3. Nc3 Bb4 4. e5 c5 5. a3 Bxc3+ 6. bxc3 Ne7 7. Qg4 O-O 8. Bd3
f5 9. exf6 Rxf6 10. Bg5 Rf7 11. Qh5 g6 12. Qd1 Qa5 13. Bd2 Nbc6 14. Nf3 Qc7 15.
O-O e5 16. dxe5 Nxe5 17. Be2 Bd7 18. Re1 Nxf3+ 19. Bxf3 Bc6 20. Bg5 Raf8 21.
Bxe7 Rxe7 22. Bxd5+ Bxd5 23. Qxd5+ Kg7 24. Rad1 Rf5 25. Rxe7+ Qxe7 26. Qd7 Rf7
27. Qxe7 Rxe7 28. Kf1 h5 29. f3 Re6 30. c4 Ra6 31. Rd3 Ra4 32. Rc3 Kf6 33. Ke2
g5 34. Kd3 Kf5 35. g3 h4 36. Rb3 b6 37. Rc3 hxg3 38. hxg3 Ke5 39. Ke3 Kf5 40.
Ke2 Ke5 41. Kd3 Ra5 42. Ke3 Ra4 43. Kd2 a6 44. Kd3 Kf5 45. Ke3 Ke5 46. Kd2 Kd6
47. Kc1 b5 48. Rd3+ Ke6 49. cxb5 axb5 50. Kb2 Ra8 51. Rb3 Rf8 52. Rxb5 Rxf3 53.
Rb3 g4 54. a4 c4 55. Rc3 Kd5 56. a5 Kc5 57. Ra3 Kb4 58. c3+ Kc5 59. a6 Rf8 60.
a7 Ra8 61. Kc2 1-0

[Event "chess.com IoM Masters"]
[Site "Douglas ENG"]
[Date "2016.10.05"]
[Round "5.3"]
[White "Caruana, Fabiano"]
[Black "Movsesian, Sergei"]
[Result "1-0"]
[WhiteTitle "GM"]
[BlackTitle "GM"]
[WhiteElo "2813"]
[BlackElo "2677"]
[WhiteFideId "2020009"]
[BlackFideId "310204"]
[EventDate "2016.10.01"]

1. e4 c5 2. Nf3 e6 3. d4 cxd4 4. Nxd4 Nc6 5. Nc3 Qc7 6. Be3 a6 7. Qf3 Bd6 8.
O-O-O Be5 9. g3 Nge7 10. Qe2 O-O 11. f4 Bxd4 12. Bxd4 Nxd4 13. Rxd4 e5 14. Rd1
exf4 15. e5 f3 16. Qxf3 Qxe5 17. Bg2 d6 18. Rhe1 Qg5+ 19. Kb1 Be6 20. Qxb7 d5
21. Nxd5 Nxd5 22. Bxd5 Rab8 23. Qc6 Rfc8 24. Qd6 Bf5 25. Be4 Bxe4 26. Rxe4 Rd8
27. Rde1 Qb5 28. Qe5 Qc6 29. b3 h6 30. Kb2 Rb5 31. Qf4 Rc8 32. R1e2 Rc5 33. c4
a5 34. Qe3 Kh7 35. Re5 Qf6 36. Qf4 Qg6 37. Qe4 f5 38. Qd4 Qh5 39. Rf2 Rxe5 40.
Qxe5 Rf8 41. Qxa5 Qd1 42. Qd2 Qg1 43. Qc2 Kh8 44. a4 g5 45. c5 f4 46. c6 f3 47.
c7 Kg7 48. Rd2 f2 49. Rd7+ 1-0

[Event "chess.com IoM Masters"]
[Site "Douglas ENG"]
[Date "2016.10.05"]
[Round "5.5"]
[White "Grandelius, Nils"]
[Black "Adams, Michael"]
[Result "1/2-1/2"]
[WhiteTitle "GM"]
[BlackTitle "GM"]
[WhiteElo "2642"]
[BlackElo "2745"]
[WhiteFideId "1710400"]
[BlackFideId "400041"]
[EventDate "2016.10.01"]

1. d4 Nf6 2. c4 e6 3. Nf3 d5 4. Nc3 Be7 5. Bg5 h6 6. Bh4 O-O 7. e3 b6 8. Be2 Bb7
9. Bxf6 Bxf6 10. cxd5 exd5 11. b4 c6 12. O-O Re8 13. Rc1 Qd6 14. Qd2 Nd7 15.
Rfd1 Red8 16. Rb1 a5 17. bxa5 Rxa5 18. e4 dxe4 19. Nxe4 Qe6 20. Nxf6+ Nxf6 21.
Rxb6 Rxa2 22. Rb2 Ne4 23. Qc1 Rxb2 24. Qxb2 Qe7 25. Rb1 Ba8 26. Rd1 c5 27. dxc5
Nxc5 28. Rxd8+ Qxd8 29. Qd4 Qe7 30. Qe5 Qxe5 31. Nxe5 Bd5 1/2-1/2

[Event "chess.com IoM Masters"]
[Site "Douglas ENG"]
[Date "2016.10.05"]
[Round "5.6"]
[White "Van Foreest, Jorden"]
[Black "Leko, Peter"]
[Result "1-0"]
[WhiteTitle "GM"]
[BlackTitle "GM"]
[WhiteElo "2615"]
[BlackElo "2709"]
[WhiteFideId "1039784"]
[BlackFideId "703303"]
[EventDate "2016.10.01"]

1. e4 e5 2. Nf3 Nc6 3. Bc4 Bc5 4. O-O Nf6 5. d3 d6 6. c3 a6 7. a4 O-O 8. Bg5 h6
9. Bh4 g5 10. Bg3 Ba7 11. Nbd2 Kg7 12. Re1 Nh7 13. d4 g4 14. Nh4 exd4 15. cxd4
Bxd4 16. Nf1 Bf6 17. Nf5+ Bxf5 18. exf5 h5 19. Bf4 Bg5 20. Ng3 Kh6 21. Bc1 Bxc1
22. Rxc1 Ne5 23. Ba2 Nf6 24. Qd2+ Kh7 25. Qg5 Rg8 26. Qh4 Nfd7 27. Qxh5+ Kg7 28.
f6+ Qxf6 29. Rxc7 Kf8 30. Rxb7 Qg6 31. Qf5 Qxf5 32. Nxf5 Rg6 33. b4 Rf6 34. Ne3
Rc8 35. Bb1 Rf4 36. Bf5 Rb8 37. Ra7 Nf6 38. Rxa6 Rbxb4 39. Rxd6 Ne8 40. Rd5 f6
41. Bc2 Rb2 42. Ra1 Nc4 43. Rb5 Rxb5 44. axb5 Nxe3 45. fxe3 Rc4 46. Bg6 Nd6 47.
Rb1 g3 48. hxg3 Rc7 49. Bd3 Nc8 50. Kf2 Nb6 51. Ra1 Rd7 52. Ra6 Rd6 53. Be4 Ke7
54. Kf3 1-0

[Event "chess.com IoM Masters"]
[Site "Douglas ENG"]
[Date "2016.10.05"]
[Round "5.7"]
[White "Vidit, Santosh Gujrathi"]
[Black "Lalith, Babu M R"]
[Result "1-0"]
[WhiteTitle "GM"]
[BlackTitle "GM"]
[WhiteElo "2686"]
[BlackElo "2586"]
[WhiteFideId "5029465"]
[BlackFideId "5024595"]
[EventDate "2016.10.01"]

1. d4 Nf6 2. c4 e6 3. Nf3 d5 4. Nc3 Nbd7 5. Qc2 Be7 6. cxd5 exd5 7. Bf4 c6 8. h3
Nf8 9. e3 Ng6 10. Bh2 Bd6 11. Ne5 O-O 12. f4 c5 13. O-O-O cxd4 14. exd4 Ne4 15.
Nxd5 Bf5 16. Ne3 Rc8 17. Bc4 Ng3 18. Nxf5 Nxf5 19. Qxf5 Bxe5 20. dxe5 Rxc4+ 21.
Kb1 Qa5 22. Rc1 Ra4 23. a3 Qb5 24. Rc3 Rd4 25. Rhc1 h5 26. R3c2 Rfd8 27. Qg5 Qd5
28. e6 Qxe6 29. f5 Qd5 30. Rc5 Qe4+ 31. Ka1 R4d5 32. Rxd5 Qxd5 33. h4 Nf8 34.
Be5 f6 35. Bxf6 Rd7 36. Be7 Qf7 37. Bxf8 Qxf8 38. Qxh5 Rd3 39. Re1 1-0

[Event "chess.com IoM Masters"]
[Site "Douglas ENG"]
[Date "2016.10.05"]
[Round "5.8"]
[White "Fressinet, Laurent"]
[Black "Sunilduth Lyna, Narayanan"]
[Result "1/2-1/2"]
[WhiteTitle "GM"]
[BlackTitle "GM"]
[WhiteElo "2676"]
[BlackElo "2536"]
[WhiteFideId "608742"]
[BlackFideId "5058422"]
[EventDate "2016.10.01"]

1. Nf3 Nf6 2. g3 g6 3. Bg2 Bg7 4. c4 O-O 5. d4 c5 6. Nc3 cxd4 7. Nxd4 Nc6 8. O-O
Qa5 9. Nb3 Qh5 10. Nd5 d6 11. Nf4 Qf5 12. e4 Qd7 13. Bd2 b6 14. Bc3 Ne5 15. Rc1
Rd8 16. Nd3 Ba6 17. Nxe5 dxe5 18. Qxd7 Nxd7 19. Bb4 e6 20. Rfd1 Bf8 21. Bxf8
Kxf8 22. Bf1 Ke7 23. c5 Bxf1 24. Kxf1 Rdc8 25. cxb6 axb6 26. Rxc8 Rxc8 27. Ke2
f5 28. Rc1 Ra8 29. a3 Kd6 30. Nd2 b5 31. Rd1 Ke7 32. Rc1 Kd6 33. Rc3 Nc5 34. Ke3
g5 35. h3 h5 36. Ke2 1/2-1/2

[Event "chess.com IoM Masters"]
[Site "Douglas ENG"]
[Date "2016.10.05"]
[Round "5.9"]
[White "Batsiashvili, Nino"]
[Black "Sargissian, Gabriel"]
[Result "1/2-1/2"]
[WhiteTitle "IM"]
[BlackTitle "GM"]
[WhiteElo "2480"]
[BlackElo "2670"]
[WhiteFideId "13602993"]
[BlackFideId "13300881"]
[EventDate "2016.10.01"]

1. d4 Nf6 2. c4 e6 3. Nc3 Bb4 4. Qc2 d6 5. Bg5 Nbd7 6. e3 c5 7. Nf3 Qa5 8. Bd3
Bxc3+ 9. bxc3 cxd4 10. exd4 b6 11. Rb1 Bb7 12. Rb5 Qa6 13. Bf4 Bxf3 14. gxf3 e5
15. dxe5 dxe5 16. Bxe5 Nxe5 17. Rxe5+ Kf8 18. O-O g6 19. c5 Qa3 20. Rfe1 Kg7 21.
Qb3 Qxb3 22. axb3 Nd7 23. Re7 Nxc5 24. Bc4 Rhf8 25. Rc7 a5 26. Ree7 Rac8 27. Ra7
Ra8 28. Rxf7+ Rxf7 29. Rxf7+ Kh6 30. f4 b5 31. Bxb5 Nxb3 32. Bc4 a4 33. Bxb3
axb3 34. Rb7 Ra1+ 35. Kg2 Rb1 36. c4 Rc1 1/2-1/2